[Event "Stay Safe Play From Home 325"]
[Site "Mustafa Kemal Atatürk"]
[Date "2020.07.23"]
[Round "1"]
[White "Mepe_Nika"]
[Black "Mandy"]
[Result "1-0"]
[WhiteElo "2366"]
[BlackElo "875"]
[PlyCount "29"]
[EventDate "2020.07.23"]
[EventType "swiss (blitz)"]

1. d4 {[%emt 0:00:02]} d5 {[%emt 0:00:02]} 2. Bf4 {[%emt 0:00:01]} c6 {[%emt 0:00:02]} 3. e3 {[%emt 0:00:01]} Nf6 {[%emt 0:00:03]} 4. c4 {[%emt 0:00:01]} e6 {[%emt 0:00:01]} 5. Nc3 {[%emt 0:00:01]} Nbd7 {[%emt 0:00:01]} 6. Nf3 {[%emt 0:00:01]} Bb4 {[%emt 0:00:05]} 7. Qc2 {[%emt 0:00:01]} Qe7 {[%emt 0:00:02]} 8. Bd3 {[%emt 0:00:01]} g6 {[%emt 0:00:04]} 9. Bh6 {[%emt 0:00:04]} Nf8 {[%emt 0:00:12]} 10. Ne5 {[%emt 0:00:03]} Bd6 {[%emt 0:00:08]} 11. O-O {[%emt 0:00:06]} Bd7 {[%emt 0:00:04]} 12. cxd5 {[%emt 0:00:05]} Nxd5 {[%emt 0:00:04]} 13. Ne4 {[%emt 0:00:03]} Nb4 {[%emt 0:00:04]} 14. Nxd6+ {[%emt 0:00:05]} Kd8 {[%emt 0:00:03]} 15. Qb3 {[%emt 0:00:00] Zeit (Lag: Av=0.69s, max=2.2s)} 1-0

[Event "Stay Safe Play From Home 325"]
[Site "Mustafa Kemal Atatürk"]
[Date "2020.07.23"]
[Round "1"]
[White "Sfantul321"]
[Black "Mamba2001de"]
[Result "1-0"]
[WhiteElo "2062"]
[BlackElo "1492"]
[Annotator "NA"]
[PlyCount "85"]
[EventDate "2020.07.23"]
[EventType "swiss (blitz)"]

1. c4 {[%emt 0:00:02]} e6 {[%emt 0:00:01]} 2. Nc3 {[%emt 0:00:00]} d5 {[%emt 0:00:01]} 3. d4 {[%emt 0:00:01]} Nf6 {[%emt 0:00:02]} 4. Bg5 {[%emt 0:00:01]} Be7 {[%emt 0:00:01]} 5. e3 {[%emt 0:00:00]} O-O {[%emt 0:00:01]} 6. Nf3 {[%emt 0:00:00]} h6 {[%emt 0:00:01]} 7. Bxf6 {[%emt 0:00:01]} Bxf6 {[%emt 0:00:01]} 8. cxd5 {[%emt 0:00:00]} exd5 {[%emt 0:00:01]} 9. h3 {[%emt 0:00:00]} c6 {[%emt 0:00:01]} 10. Bd3 {[%emt 0:00:01]} Be6 {[%emt 0:00:01]} 11. O-O {[%emt 0:00:01]} Nd7 {[%emt 0:00:01]} 12. Bc2 {[%emt 0:00:01]} Rc8 {[%emt 0:00:01]} 13. Qd3 {[%emt 0:00:01]} g6 {[%emt 0:00:00]} 14. e4 {[%emt 0:00:02]} Bg7 {[%emt 0:00:01]} 15. exd5 {[%emt 0:00:02]} Bxd5 {[%emt 0:00:01]} 16. Nxd5 {[%emt 0:00:01]} cxd5 {[%emt 0:00:01]} 17. Bb3 {[%emt 0:00:00]} Nb6 {[%emt 0:00:02]} 18. Rac1 {[%emt 0:00:01]} Qf6 {[%emt 0:00:01]} 19. Ne5 {[%emt 0:00:02]} Rxc1 {[%emt 0:00:02]} 20. Rxc1 {[%emt 0:00:01]} h5 {[%emt 0:00:02]} 21. Rc7 {[%emt 0:00:03]} g5 {[%emt 0:00:01]} 22. Qf3 {[%emt 0:00:02]} Qxf3 {[%emt 0:00:02]} 23. Nxf3 {[%emt 0:00:01]} Nc4 {[%emt 0:00:02]} 24. Bxc4 {[%emt 0:00:01]} dxc4 {[%emt 0:00:01]} 25. Rxc4 {[%emt 0:00:00]} b6 {[%emt 0:00:01]} 26. Nxg5 {[%emt 0:00:01]} Rd8 {[%emt 0:00:02]} 27. Nf3 {[%emt 0:00:01]} f5 {[%emt 0:00:03]} 28. Kf1 {[%emt 0:00:01]} Rd7 {[%emt 0:00:03]} 29. Ke2 {[%emt 0:00:01]} Kh7 {[%emt 0:00:02]} 30. Kd3 {[%emt 0:00:01]} Bf6 {[%emt 0:00:01]} 31. Rc6 {[%emt 0:00:02]} Bg7 {[%emt 0:00:02]} 32. a4 {[%emt 0:00:02]} f4 {[%emt 0:00:05]} 33. b4 {[%emt 0:00:01]} Kg8 {[%emt 0:00:02]} 34. Ke4 {[%emt 0:00:01]} Kh7 {[%emt 0:00:02]} 35. Ne5 {[%emt 0:00:02]} Re7 {[%emt 0:00:02]} 36. Kxf4 {[%emt 0:00:01]} Bh6+ {[%emt 0:00:02]} 37. Ke4 {[%emt 0:00:02]} Bg7 {[%emt 0:00:02]} 38. f4 {[%emt 0:00:01]} Bh6 {[%emt 0:00:01]} 39. g4 {[%emt 0:00:01]} hxg4 {[%emt 0:00:01]} 40. hxg4 {[%emt 0:00:00]} Bg7 {[%emt 0:00:00]} 41. g5 {[%emt 0:00:01]} a5 {[%emt 0:00:01]} 42. bxa5 {[%emt 0:00:01]} bxa5 {[%emt 0:00:01]} 43. f5 {[%emt 0:00:00] Zeit (Lag: Av=0.26s, max=0.3s)} 1-0

[Event "Stay Safe Play From Home 325"]
[Site "Mustafa Kemal Atatürk"]
[Date "2020.07.23"]
[Round "1"]
[White "SoulofWolf"]
[Black "Meini"]
[Result "1-0"]
[WhiteElo "2062"]
[BlackElo "1555"]
[PlyCount "93"]
[EventDate "2020.07.23"]
[EventType "swiss (blitz)"]

1. e4 {[%emt 0:00:01]} c6 {[%emt 0:00:01]} 2. Nc3 {[%emt 0:00:00]} d5 {[%emt 0:00:01]} 3. exd5 {[%emt 0:00:00]} cxd5 {[%emt 0:00:01]} 4. d4 {[%emt 0:00:00]} Nc6 {[%emt 0:00:01]} 5. Nf3 {[%emt 0:00:00]} Nf6 {[%emt 0:00:01]} 6. h3 {[%emt 0:00:01]} Bf5 {[%emt 0:00:01]} 7. Bg5 {[%emt 0:00:01]} e6 {[%emt 0:00:01]} 8. a3 {[%emt 0:00:01]} a6 {[%emt 0:00:01]} 9. Be2 {[%emt 0:00:01]} Be7 {[%emt 0:00:01]} 10. O-O {[%emt 0:00:00]} O-O {[%emt 0:00:00]} 11. b4 {[%emt 0:00:01]} Ne4 {[%emt 0:00:01]} 12. Nxe4 {[%emt 0:00:03]} Bxe4 {[%emt 0:00:02]} 13. Bxe7 {[%emt 0:00:01]} Qxe7 {[%emt 0:00:01]} 14. c3 {[%emt 0:00:01]} Rac8 {[%emt 0:00:04]} 15. Nd2 {[%emt 0:00:01]} Bg6 {[%emt 0:00:03]} 16. f4 {[%emt 0:00:03]} Na7 {[%emt 0:00:01]} 17. Rc1 {[%emt 0:00:02]} Nb5 {[%emt 0:00:01]} 18. Qb3 {[%emt 0:00:01]} Qd7 {[%emt 0:00:04]} 19. a4 {[%emt 0:00:03]} Nd6 {[%emt 0:00:03]} 20. Nf3 {[%emt 0:00:01]} Ne4 {[%emt 0:00:01]} 21. Ne5 {[%emt 0:00:01]} Qc7 {[%emt 0:00:04]} 22. Rfd1 {[%emt 0:00:01]} f6 {[%emt 0:00:05]} 23. Nd3 {[%emt 0:00:05]} b6 {[%emt 0:00:03]} 24. Nb2 {[%emt 0:00:05]} Nd6 {[%emt 0:00:00]} 25. g3 {[%emt 0:00:04]} Nc4 {[%emt 0:00:00]} 26. Nxc4 {[%emt 0:00:01]} dxc4 {[%emt 0:00:01]} 27. Qb2 {[%emt 0:00:01]} b5 {[%emt 0:00:01]} 28. a5 {[%emt 0:00:01]} e5 {[%emt 0:00:02]} 29. Qd2 {[%emt 0:00:03]} exf4 {[%emt 0:00:01]} 30. Qxf4 {[%emt 0:00:00]} Qxf4 {[%emt 0:00:02]} 31. gxf4 {[%emt 0:00:00]} Rfe8 {[%emt 0:00:01]} 32. Kf2 {[%emt 0:00:00]} Re4 {[%emt 0:00:02]} 33. Bf3 {[%emt 0:00:02]} Re7 {[%emt 0:00:02]} 34. Bg4 {[%emt 0:00:02]} Rce8 {[%emt 0:00:00]} 35. Re1 {[%emt 0:00:02]} f5 {[%emt 0:00:01]} 36. Bf3 {[%emt 0:00:02]} Bf7 {[%emt 0:00:00]} 37. Rxe7 {[%emt 0:00:04]} Rxe7 {[%emt 0:00:00]} 38. Re1 {[%emt 0:00:00]} Rxe1 {[%emt 0:00:02]} 39. Kxe1 {[%emt 0:00:00]} Be8 {[%emt 0:00:02]} 40. Bb7 {[%emt 0:00:00]} Kf7 {[%emt 0:00:00]} 41. Bxa6 {[%emt 0:00:00]} Kf6 {[%emt 0:00:00]} 42. Bb7 {[%emt 0:00:00]} h6 {[%emt 0:00:01]} 43. Bf3 {[%emt 0:00:00]} g5 {[%emt 0:00:00]} 44. fxg5+ {[%emt 0:00:00]} hxg5 {[%emt 0:00:01]} 45. Kf2 {[%emt 0:00:00]} g4 {[%emt 0:00:01]} 46. hxg4 {[%emt 0:00:01]} fxg4 {[%emt 0:00:00]} 47. Bxg4 {[%emt 0:00:00] Zeit (Lag: Av=0.43s, max=0.7s)} 1-0

[Event "Stay Safe Play From Home 325"]
[Site "Mustafa Kemal Atatürk"]
[Date "2020.07.23"]
[Round "1"]
[White "Lazieri3"]
[Black "Stefanone"]
[Result "1-0"]
[WhiteElo "2043"]
[BlackElo "2077"]
[PlyCount "115"]
[EventDate "2020.07.23"]
[EventType "swiss (blitz)"]

1. e4 {[%emt 0:00:01]} d6 {[%emt 0:00:00]} 2. Nc3 {[%emt 0:00:00]} Nd7 {[%emt 0:00:00]} 3. Nf3 {[%emt 0:00:01]} Ngf6 {[%emt 0:00:00]} 4. d4 {[%emt 0:00:00]} e5 {[%emt 0:00:00]} 5. dxe5 {[%emt 0:00:01]} dxe5 {[%emt 0:00:01]} 6. Bc4 {[%emt 0:00:03]} Be7 {[%emt 0:00:01]} 7. Nd5 {[%emt 0:00:01]} Nxd5 {[%emt 0:00:02]} 8. Bxd5 {[%emt 0:00:00]} O-O {[%emt 0:00:00]} 9. O-O {[%emt 0:00:01]} c6 {[%emt 0:00:01]} 10. Bb3 {[%emt 0:00:01]} Qc7 {[%emt 0:00:01]} 11. h3 {[%emt 0:00:01]} b6 {[%emt 0:00:01]} 12. c3 {[%emt 0:00:00]} Bb7 {[%emt 0:00:01]} 13. Bg5 {[%emt 0:00:00]} Bxg5 {[%emt 0:00:03]} 14. Nxg5 {[%emt 0:00:00]} Nc5 {[%emt 0:00:02]} 15. Qh5 {[%emt 0:00:03]} h6 {[%emt 0:00:02]} 16. Nxf7 {[%emt 0:00:01]} Rxf7 {[%emt 0:00:02]} 17. Bxf7+ {[%emt 0:00:00]} Qxf7 {[%emt 0:00:01]} 18. Qxe5 {[%emt 0:00:01]} Re8 {[%emt 0:00:02]} 19. Qd4 {[%emt 0:00:02]} Ne6 {[%emt 0:00:02]} 20. Qe3 {[%emt 0:00:01]} c5 {[%emt 0:00:01]} 21. f3 {[%emt 0:00:01]} Ng5 {[%emt 0:00:02]} 22. Rad1 {[%emt 0:00:01]} Ba6 {[%emt 0:00:01]} 23. Rfe1 {[%emt 0:00:01]} Ne6 {[%emt 0:00:01]} 24. Rd6 {[%emt 0:00:02]} g5 {[%emt 0:00:01]} 25. Red1 {[%emt 0:00:01]} Re7 {[%emt 0:00:01]} 26. b4 {[%emt 0:00:03]} Nf4 {[%emt 0:00:01]} 27. bxc5 {[%emt 0:00:02]} bxc5 {[%emt 0:00:01]} 28. Qxc5 {[%emt 0:00:01]} Be2 {[%emt 0:00:02]} 29. Rd8+ {[%emt 0:00:01]} Kg7 {[%emt 0:00:01]} 30. Qxe7 {[%emt 0:00:01]} Qxe7 {[%emt 0:00:01]} 31. R1d7 {[%emt 0:00:00]} Kf6 {[%emt 0:00:01]} 32. Rxe7 {[%emt 0:00:01]} Kxe7 {[%emt 0:00:00]} 33. Ra8 {[%emt 0:00:01]} a6 {[%emt 0:00:01]} 34. Ra7+ {[%emt 0:00:00]} Kf6 {[%emt 0:00:01]} 35. Kf2 {[%emt 0:00:01]} Bb5 {[%emt 0:00:02]} 36. Rb7 {[%emt 0:00:01]} Nd3+ {[%emt 0:00:00]} 37. Ke3 {[%emt 0:00:01]} Nc5 {[%emt 0:00:00]} 38. Rb6+ {[%emt 0:00:01]} Ke7 {[%emt 0:00:02]} 39. Rxh6 {[%emt 0:00:02]} Na4 {[%emt 0:00:01]} 40. Rg6 {[%emt 0:00:01]} Nxc3 {[%emt 0:00:01]} 41. Rxg5 {[%emt 0:00:01]} Kd7 {[%emt 0:00:02]} 42. h4 {[%emt 0:00:01]} Nd1+ {[%emt 0:00:00]} 43. Kf4 {[%emt 0:00:02]} Nc3 {[%emt 0:00:00]} 44. h5 {[%emt 0:00:00]} Ne2+ {[%emt 0:00:02]} 45. Ke3 {[%emt 0:00:00]} Ke7 {[%emt 0:00:02]} 46. Rxb5 {[%emt 0:00:02]} Kf6 {[%emt 0:00:00]} 47. Rb6+ {[%emt 0:00:01]} Kg5 {[%emt 0:00:01]} 48. Kxe2 {[%emt 0:00:01]} Kxh5 {[%emt 0:00:01]} 49. Rxa6 {[%emt 0:00:00]} Kg5 {[%emt 0:00:00]} 50. Ra5+ {[%emt 0:00:01]} Kf4 {[%emt 0:00:00]} 51. Rf5+ {[%emt 0:00:01]} Kg3 {[%emt 0:00:00]} 52. e5 {[%emt 0:00:00]} Kh2 {[%emt 0:00:01]} 53. e6 {[%emt 0:00:00]} Kg1 {[%emt 0:00:00]} 54. e7 {[%emt 0:00:00]} Kh2 {[%emt 0:00:00]} 55. e8=Q {[%emt 0:00:00]} Kg1 {[%emt 0:00:00]} 56. Qh8 {[%emt 0:00:01]} Kxg2 {[%emt 0:00:02]} 57. Qg8+ {[%emt 0:00:00]} Kh2 {[%emt 0:00:01]} 58. Rh5# {[%emt 0:00:00] (Lag: Av=0.53s, max=1.0s)} 1-0

[Event "Stay Safe Play From Home 325"]
[Site "Mustafa Kemal Atatürk"]
[Date "2020.07.23"]
[Round "1"]
[White "SelamiSahin"]
[Black "Dj amir"]
[Result "0-1"]
[WhiteElo "1899"]
[BlackElo "2429"]
[PlyCount "78"]
[EventDate "2020.07.23"]
[EventType "swiss (blitz)"]

1. d4 {[%emt 0:00:01]} e6 {[%emt 0:00:00]} 2. c3 {[%emt 0:00:00]} c5 {[%emt 0:00:00]} 3. Nf3 {[%emt 0:00:00]} Nf6 {[%emt 0:00:00]} 4. g3 {[%emt 0:00:00]} b6 {[%emt 0:00:00]} 5. Bg2 {[%emt 0:00:00]} Bb7 {[%emt 0:00:00]} 6. O-O {[%emt 0:00:00]} Nc6 {[%emt 0:00:00]} 7. e3 {[%emt 0:00:01]} Be7 {[%emt 0:00:01]} 8. b3 {[%emt 0:00:01]} O-O {[%emt 0:00:00]} 9. Bb2 {[%emt 0:00:01]} Rc8 {[%emt 0:00:00]} 10. c4 {[%emt 0:00:01]} Ba6 {[%emt 0:00:01]} 11. Re1 {[%emt 0:00:02]} cxd4 {[%emt 0:00:01]} 12. Nxd4 {[%emt 0:00:01]} Nxd4 {[%emt 0:00:00]} 13. Qxd4 {[%emt 0:00:00]} Qc7 {[%emt 0:00:01]} 14. Nc3 {[%emt 0:00:01]} Rfd8 {[%emt 0:00:01]} 15. Ne4 {[%emt 0:00:01]} d6 {[%emt 0:00:00]} 16. Qd3 {[%emt 0:00:02]} e5 {[%emt 0:00:03]} 17. Nxf6+ {[%emt 0:00:02]} Bxf6 {[%emt 0:00:00]} 18. Rad1 {[%emt 0:00:02]} Qb8 {[%emt 0:00:03]} 19. Bd5 {[%emt 0:00:01]} b5 {[%emt 0:00:01]} 20. Qe4 {[%emt 0:00:04]} bxc4 {[%emt 0:00:01]} 21. Bxc4 {[%emt 0:00:00]} Bxc4 {[%emt 0:00:01]} 22. bxc4 {[%emt 0:00:01]} Qxb2 {[%emt 0:00:00]} 23. Rd3 {[%emt 0:00:01]} Qxa2 {[%emt 0:00:01]} 24. Red1 {[%emt 0:00:01]} Qxc4 {[%emt 0:00:01]} 25. Qf5 {[%emt 0:00:01]} Qe6 {[%emt 0:00:01]} 26. Qh5 {[%emt 0:00:02]} h6 {[%emt 0:00:03]} 27. h4 {[%emt 0:00:02]} a5 {[%emt 0:00:01]} 28. e4 {[%emt 0:00:01]} a4 {[%emt 0:00:01]} 29. Rd5 {[%emt 0:00:01]} a3 {[%emt 0:00:01]} 30. Qe2 {[%emt 0:00:01]} Ra8 {[%emt 0:00:01]} 31. Qa2 {[%emt 0:00:01]} Qg4 {[%emt 0:00:01]} 32. Kg2 {[%emt 0:00:01]} Qxe4+ {[%emt 0:00:01]} 33. Kh2 {[%emt 0:00:01]} Qf3 {[%emt 0:00:01]} 34. Kg1 {[%emt 0:00:01]} e4 {[%emt 0:00:01]} 35. Rxd6 {[%emt 0:00:01]} Rxd6 {[%emt 0:00:01]} 36. Rxd6 {[%emt 0:00:00]} Bb2 {[%emt 0:00:01]} 37. Rd2 {[%emt 0:00:04]} e3 {[%emt 0:00:01]} 38. Rxb2 {[%emt 0:00:01]} axb2 {[%emt 0:00:03]} 39. Qxb2 {[%emt 0:00:01]} e2 {[%emt 0:00:01] SelamiSahin terk eder (Lag: Av=0.58s, max=0.9s)} 0-1

[Event "Stay Safe Play From Home 325"]
[Site "Mustafa Kemal Atatürk"]
[Date "2020.07.23"]
[Round "1"]
[White "Haris kollari 13"]
[Black "Broken sword"]
[Result "0-1"]
[WhiteElo "1627"]
[BlackElo "2458"]
[Annotator "NA"]
[PlyCount "42"]
[EventDate "2020.07.23"]
[EventType "swiss (blitz)"]

1. e4 {[%emt 0:00:01]} c5 {[%emt 0:00:00]} 2. f4 {[%emt 0:00:01]} e6 {[%emt 0:00:00]} 3. Nf3 {[%emt 0:00:01]} a6 {[%emt 0:00:00]} 4. d4 {[%emt 0:00:01]} cxd4 {[%emt 0:00:00]} 5. Nxd4 {[%emt 0:00:00]} d5 {[%emt 0:00:00]} 6. e5 {[%emt 0:00:01]} Ne7 {[%emt 0:00:00]} 7. c3 {[%emt 0:00:01]} Nbc6 {[%emt 0:00:00]} 8. Bd3 {[%emt 0:00:01]} Nxd4 {[%emt 0:00:01]} 9. cxd4 {[%emt 0:00:01]} Nc6 {[%emt 0:00:02]} 10. Bc2 {[%emt 0:00:03]} Qb6 {[%emt 0:00:01]} 11. Be3 {[%emt 0:00:13]} Qxb2 {[%emt 0:00:01]} 12. Nd2 {[%emt 0:00:02]} Nxd4 {[%emt 0:00:01]} 13. Bd3 {[%emt 0:00:11]} Nc6 {[%emt 0:00:05]} 14. O-O {[%emt 0:00:02]} Qa3 {[%emt 0:00:04]} 15. Bc2 {[%emt 0:00:11]} Qxe3+ {[%emt 0:00:03]} 16. Kh1 {[%emt 0:00:01]} Bb4 {[%emt 0:00:01]} 17. Nf3 {[%emt 0:00:01]} Qxf4 {[%emt 0:00:02]} 18. Ba4 {[%emt 0:00:04]} b5 {[%emt 0:00:01]} 19. Bb3 {[%emt 0:00:02]} Bd7 {[%emt 0:00:06]} 20. Rc1 {[%emt 0:00:01]} Ba3 {[%emt 0:00:02]} 21. Rc2 {[%emt 0:00:01]} Qh6 {[%emt 0:00:04] Time (Lag: Av=0.33s, max=0.8s)} 0-1

[Event "Stay Safe Play From Home 325"]
[Site "Mustafa Kemal Atatürk"]
[Date "2020.07.23"]
[Round "1"]
[White "Trotsky"]
[Black "Lamborghini"]
[Result "0-1"]
[WhiteElo "1597"]
[BlackElo "2255"]
[PlyCount "44"]
[EventDate "2020.07.23"]
[EventType "swiss (blitz)"]

1. d4 {[%emt 0:00:02]} Nf6 {[%emt 0:00:01]} 2. e3 {[%emt 0:00:00]} g6 {[%emt 0:00:00]} 3. c4 {[%emt 0:00:01]} Bg7 {[%emt 0:00:00]} 4. Nc3 {[%emt 0:00:01]} O-O {[%emt 0:00:00]} 5. Bd3 {[%emt 0:00:01]} d6 {[%emt 0:00:00]} 6. Qc2 {[%emt 0:00:01]} Nc6 {[%emt 0:00:00]} 7. Nf3 {[%emt 0:00:01]} Nb4 {[%emt 0:00:01]} 8. Qb1 {[%emt 0:00:01]} c5 {[%emt 0:00:00]} 9. a3 {[%emt 0:00:05]} Nxd3+ {[%emt 0:00:01]} 10. Qxd3 {[%emt 0:00:01]} Bf5 {[%emt 0:00:01]} 11. e4 {[%emt 0:00:02]} cxd4 {[%emt 0:00:01]} 12. Ne2 {[%emt 0:00:03]} Bxe4 {[%emt 0:00:01]} 13. Qb3 {[%emt 0:00:02]} e5 {[%emt 0:00:01]} 14. Ng5 {[%emt 0:00:02]} Bc6 {[%emt 0:00:01]} 15. f3 {[%emt 0:00:03]} h6 {[%emt 0:00:01]} 16. h4 {[%emt 0:00:02]} hxg5 {[%emt 0:00:02]} 17. hxg5 {[%emt 0:00:01]} Nd7 {[%emt 0:00:00]} 18. Qc2 {[%emt 0:00:02]} Re8 {[%emt 0:00:01]} 19. Bd2 {[%emt 0:00:01]} a5 {[%emt 0:00:01]} 20. O-O-O {[%emt 0:00:02]} a4 {[%emt 0:00:00]} 21. f4 {[%emt 0:00:07]} Nc5 {[%emt 0:00:01]} 22. Rh2 {[%emt 0:00:03]} Be4 {[%emt 0:00:03] Trotsky Ñäàåòñÿ (Lag: Av=0.33s, max=0.5s)} 0-1

[Event "Stay Safe Play From Home 325"]
[Site "Mustafa Kemal Atatürk"]
[Date "2020.07.23"]
[Round "1"]
[White "Klasman"]
[Black "AChessPlayer"]
[Result "0-1"]
[WhiteElo "1375"]
[BlackElo "2351"]
[PlyCount "36"]
[EventDate "2020.07.23"]
[EventType "swiss (blitz)"]

1. f4 {[%emt 0:00:01]} d5 {[%emt 0:00:02]} 2. e3 {[%emt 0:00:02]} c5 {[%emt 0:00:01]} 3. c4 {[%emt 0:00:01]} Nc6 {[%emt 0:00:00]} 4. Nf3 {[%emt 0:00:02]} d4 {[%emt 0:00:00]} 5. d3 {[%emt 0:00:02]} dxe3 {[%emt 0:00:03]} 6. Bxe3 {[%emt 0:00:02]} b6 {[%emt 0:00:07]} 7. Nc3 {[%emt 0:00:02]} Bb7 {[%emt 0:00:00]} 8. Be2 {[%emt 0:00:03]} e6 {[%emt 0:00:01]} 9. O-O {[%emt 0:00:01]} Nge7 {[%emt 0:00:01]} 10. g4 {[%emt 0:00:03]} h5 {[%emt 0:00:01]} 11. h3 {[%emt 0:00:05]} hxg4 {[%emt 0:00:01]} 12. hxg4 {[%emt 0:00:01]} Nd4 {[%emt 0:00:01]} 13. Bxd4 {[%emt 0:00:05]} cxd4 {[%emt 0:00:00]} 14. Nb5 {[%emt 0:00:02]} a6 {[%emt 0:00:03]} 15. Nbxd4 {[%emt 0:00:02]} Ng6 {[%emt 0:00:00]} 16. f5 {[%emt 0:00:06]} Bc5 {[%emt 0:00:03]} 17. fxg6 {[%emt 0:00:06]} Bxd4+ {[%emt 0:00:04]} 18. Kg2 {[%emt 0:00:05]} fxg6 {[%emt 0:00:02] Time (Lag: Av=0.49s, max=0.7s)} 0-1

[Event "Stay Safe Play From Home 325"]
[Site "Mustafa Kemal Atatürk"]
[Date "2020.07.23"]
[Round "2"]
[White "Mepe_Nika"]
[Black "Sfantul321"]
[Result "1-0"]
[WhiteElo "2367"]
[BlackElo "2063"]
[Annotator "NA"]
[PlyCount "115"]
[EventDate "2020.07.23"]
[EventType "swiss (blitz)"]

1. d4 {[%emt 0:00:01]} g6 {[%emt 0:00:00]} 2. e4 {[%emt 0:00:01]} Bg7 {[%emt 0:00:00]} 3. Nf3 {[%emt 0:00:01]} d6 {[%emt 0:00:00]} 4. Bd3 {[%emt 0:00:01]} Nf6 {[%emt 0:00:00]} 5. O-O {[%emt 0:00:01]} O-O {[%emt 0:00:00]} 6. Nbd2 {[%emt 0:00:01]} Bg4 {[%emt 0:00:01]} 7. h3 {[%emt 0:00:01]} Bxf3 {[%emt 0:00:01]} 8. Nxf3 {[%emt 0:00:00]} Nc6 {[%emt 0:00:00]} 9. c3 {[%emt 0:00:01]} e5 {[%emt 0:00:01]} 10. Be3 {[%emt 0:00:00]} exd4 {[%emt 0:00:01]} 11. cxd4 {[%emt 0:00:01]} Re8 {[%emt 0:00:00]} 12. Nd2 {[%emt 0:00:01]} Nd7 {[%emt 0:00:02]} 13. Nb3 {[%emt 0:00:04]} Qh4 {[%emt 0:00:01]} 14. f3 {[%emt 0:00:02]} Nf6 {[%emt 0:00:02]} 15. Qe1 {[%emt 0:00:01]} Qxe1 {[%emt 0:00:02]} 16. Rfxe1 {[%emt 0:00:00]} a6 {[%emt 0:00:02]} 17. Rac1 {[%emt 0:00:01]} Rac8 {[%emt 0:00:01]} 18. Bf1 {[%emt 0:00:02]} Nd7 {[%emt 0:00:01]} 19. d5 {[%emt 0:00:02]} Nb4 {[%emt 0:00:01]} 20. Nd4 {[%emt 0:00:02]} Nxa2 {[%emt 0:00:02]} 21. Rc4 {[%emt 0:00:06]} a5 {[%emt 0:00:01]} 22. Ra4 {[%emt 0:00:03]} Nb4 {[%emt 0:00:03]} 23. Rxa5 {[%emt 0:00:01]} Nc5 {[%emt 0:00:02]} 24. Rea1 {[%emt 0:00:03]} Bxd4 {[%emt 0:00:02]} 25. Bxd4 {[%emt 0:00:01]} Nb3 {[%emt 0:00:01]} 26. Bc3 {[%emt 0:00:02]} Nxa1 {[%emt 0:00:01]} 27. Bxb4 {[%emt 0:00:01]} Nc2 {[%emt 0:00:01]} 28. Bc3 {[%emt 0:00:02]} Ne3 {[%emt 0:00:04]} 29. Ra1 {[%emt 0:00:03]} Nxf1 {[%emt 0:00:01]} 30. Kxf1 {[%emt 0:00:01]} c6 {[%emt 0:00:00]} 31. dxc6 {[%emt 0:00:01]} Rxc6 {[%emt 0:00:01]} 32. h4 {[%emt 0:00:00]} Rd8 {[%emt 0:00:01]} 33. h5 {[%emt 0:00:00]} d5 {[%emt 0:00:02]} 34. e5 {[%emt 0:00:01]} d4 {[%emt 0:00:01]} 35. Bd2 {[%emt 0:00:01]} d3 {[%emt 0:00:01]} 36. Kf2 {[%emt 0:00:03]} Rc2 {[%emt 0:00:01]} 37. Ke3 {[%emt 0:00:00]} Rxb2 {[%emt 0:00:00]} 38. f4 {[%emt 0:00:00]} Rb3 {[%emt 0:00:02]} 39. g4 {[%emt 0:00:01]} Kf8 {[%emt 0:00:01]} 40. f5 {[%emt 0:00:01]} Ke7 {[%emt 0:00:01]} 41. Ra7 {[%emt 0:00:01]} Rd5 {[%emt 0:00:02]} 42. hxg6 {[%emt 0:00:01]} hxg6 {[%emt 0:00:01]} 43. Kf4 {[%emt 0:00:00]} Rb2 {[%emt 0:00:02]} 44. e6 {[%emt 0:00:02]} fxe6 {[%emt 0:00:01]} 45. fxg6 {[%emt 0:00:00]} Kf6 {[%emt 0:00:01]} 46. Ke3 {[%emt 0:00:01]} Re5+ {[%emt 0:00:01]} 47. Kxd3 {[%emt 0:00:01]} Rd5+ {[%emt 0:00:01]} 48. Ke4 {[%emt 0:00:01]} Rbxd2 {[%emt 0:00:00]} 49. Rxb7 {[%emt 0:00:00]} R2d4+ {[%emt 0:00:01]} 50. Kf3 {[%emt 0:00:01]} Kxg6 {[%emt 0:00:00]} 51. Kg2 {[%emt 0:00:00]} Kg5 {[%emt 0:00:01]} 52. Rb3 {[%emt 0:00:00]} Rd3 {[%emt 0:00:01]} 53. Rb4 {[%emt 0:00:01]} Rd2+ {[%emt 0:00:01]} 54. Kg1 {[%emt 0:00:00]} R5d3 {[%emt 0:00:01]} 55. Rb1 {[%emt 0:00:00]} Rc3 {[%emt 0:00:01]} 56. Kf1 {[%emt 0:00:00]} Rcc2 {[%emt 0:00:00]} 57. Ke1 {[%emt 0:00:00]} Re2+ {[%emt 0:00:01]} 58. Kf1 {[%emt 0:00:00] Time (Lag: Av=0.35s, max=0.8s)} 1-0